000 01157nam0a22003251 4500
001 RU\NLR\A1SV\159527
005 20251203171251.9
035 _a(NLR Aleph) 021997955
090 _a12446336
_c12446336
100 _a20230802d1926 u y0rusy50 ca
101 0 _arus
102 _aRU
200 1 _aКурс опытной геометрии
_eИндуктив.-лаб. метод излож.
_fА.М.Астряб
205 _a11-е изд.
210 _aМ.
_aЛ.
_cГос. изд-во
_d[1926]
215 _a296 с.
_cил.
_d22 см
225 _aУчеб. пособия для шк. I и II ступени
225 _aПособия для трудовой шк.
300 _aНа тит. л. дата: 1927. Датировано по штампу поступления в РНБ и РГБ
300 _aНапеч. в Ленинграде
620 _dМосква
620 _dСанкт-Петербург
700 1 _aАстряб
_bА.М.
_f1879-1962
_gАлександр Матвеевич
801 0 _aRU
_bNLR
_c20230802
852 _aNLR
_j27/578
899 _aРГБ
942 _cBOOK
980 _aNB
980 _aA1SV